Quick Pick: Sports in Movies Quiz Stats

 Plays Quiz Updated Apr 14, 2016

Challenge
Share
Tweet
Embed
Score 0/12 Timer 01:00
10 Plays Today
% Correct
Ice Skating
86.2%
Baseball
81.7%
Bobsledding
79.5%
Boxing
73.7%
Ice Hockey
69.2%
Golf
68.2%
Basketball
67.1%
Rugby
64.9%
American Football
59.8%
Wrestling
56.3%
Cycling
56.2%
Cross Country Running
56.1%

Today's Daily Dose

Missing Word
'F' Pairs

Word Ladder
Mixed Synonyms

On This Day
August 15th II

You're not logged in!

Compare scores with friends on all Sporcle quizzes.
Join for Free
OR
Log In

You Might Also Like...

Show Comments

Extras

Top Quizzes Today


Score Distribution

Your Account Isn't Verified!

In order to create a playlist on Sporcle, you need to verify the email address you used during registration. Go to your Sporcle Settings to finish the process.

Report this User

Report this user for behavior that violates our Community Guidelines.

Details: